000 00569nam a2200229Ia 4500
003 OSt
005 20220924151701.0
006 a|||||r|||| 00| 0
007 ta
008 220923b |||||||| |||| 00| 0 tel d
024 _a338667
037 _cTextual
040 _aARTS
_cARTS
_btel
041 _2tel
_atel
082 _aV216'H70<-H00, 35M5
100 _aRanga
_9203305
245 0 _aKakatiye Nayakulu
260 _c1985
650 _aINDIA - HISTORY
942 _hV216'H70<-H00, 35M5
_cTEXL
_2CC
999 _c467379
_d467379